| 000 | 00409nam a2200181Ia 4500 | ||
|---|---|---|---|
| 001 | 8048 | ||
| 005 | 20260306160540.0 | ||
| 008 | 260306t2017||||xx |||||||||||||| ||spa|| | ||
| 041 | _aESP | ||
| 082 |
_a370.1 _bD25 |
||
| 100 |
_aDarder, Antonia _eAUT |
||
| 245 | 0 | _aFreire y educación | |
| 260 | _c2017 | ||
| 300 |
_a144 páginas : _c24 cm. |
||
| 650 | _aGEN | ||
| 654 | _aCED | ||
| 942 |
_cLIB _dJUS _fJUS _2ddc _n |
||
| 999 |
_c8048 _d8048 |
||